Bilecik Bilecik Bilecik Bilecik Bilecik

Mesîru umûmi'l-muvahhidîn şerh u terceme-i Kitab-i İhyâu ulûmi'd-dîn = (Record no. 55657)

MARC details
000 -BAŞLIK
Sabit Uzunluktaki Kontrol Alanı 02595nam a22005177a 4500
001 - KONTROL NUMARASI
Control Dosyası 0055849
003 - KONTROL NUMARASI KİMLİĞİ
Kontrol Alanı KOHA_MİRAKIL
005 - EN SON İŞLEM TARİHİ ve ZAMANI
Kontrol Alanı 20260207004031.0
007 - FİZİKSEL TANIM SABİT ALAN - GENEL BİLGİ
Sabit uzunluklu kontrol alanı ta
008 - SABİT UZUNLUKTAKİ VERİ ÖGELERİ - GENEL BİLGİ
Sabit Alan 160219b2015 tu a|||gr||||#||||0|tur |
020 ## - ISBN - ULUSLARARASI STANDART KİTAP NUMARASI
Isbn 9789751737724
Nitelik bilgileri Tk.
020 ## - ISBN - ULUSLARARASI STANDART KİTAP NUMARASI
Isbn 9751737729
Nitelik bilgileri Tk.
020 ## - ISBN - ULUSLARARASI STANDART KİTAP NUMARASI
Isbn 9789751737731
Nitelik bilgileri c.1
020 ## - ISBN - ULUSLARARASI STANDART KİTAP NUMARASI
Isbn 9751737737
Nitelik bilgileri c.1
040 ## - KATALOGLAMA KAYNAĞI
Özgün Kataloglama Kurumu TR-BiSEU
Kataloglama Dili tur
Çeviri Kurumu TR-BiSEU
Açıklama Kuralları rda
041 0# - DİL KODU
Metin ya da ses kaydının dil kodu tur
-- ara
044 ## - YAYINLAYAN/ÜRETEN KURULUŞUN ÜLKE KODU
ISO country code tu
050 ## - SINIFLAMA ve YER NUMARASI
Sınıflama Numarası B753.G33
Yer Numarası I33 2015
100 1# - KİŞİ ADI
Yazar Adı (Kişi adı) Mardinî, Yusuf Sidkî.
240 10 - TEK BİÇİM BAŞLIK
Tekbiçim Başlık <a href="İhyâ tercüme ve şerhi : çeviri yazı - tıpkıbasım">İhyâ tercüme ve şerhi : çeviri yazı - tıpkıbasım</a>
Language of a work Türkçe
245 1# - ESER ADI BİLDİRİMİ
Başlık Mesîru umûmi'l-muvahhidîn şerh u terceme-i Kitab-i İhyâu ulûmi'd-dîn =
Alt Eseradı vb. İhyâ tercüme ve şerhi :
-- çeviri yazı - tıpkıbasım/
Sorumluluk Bildirimi Yusuf Sidkî Mardinî ; Yusuf Sidkî el-Mardinî ; yayına hazırlayanlar, Mustafa Koç, Eyyüp Tanrıverdi..
264 #1 - ÜRERİM, YAYIN, DAĞITIM ve TELİF BİLDİRİMİ
Yayın yeri İstanbul :
Yayınlayan Türkiye Yazma Eserler Kurumu Başkanlığı
Yayın tarihi 2015
300 ## - FİZİKSEL TANIMLAMA
Sayfa, Cilt vb. c. :
Diğer fiziki detaylar renkli resimli ;
Boyutları 25 cm.
336 ## - İÇERİK TÜRÜ
Content type term metin
Content type code txt
Source rdacontent
337 ## - MEDYA TÜRÜ
Media type term aracısız
Media type code n
Source rdamedia
338 ## - TAŞIYICI TÜRÜ
Carrier type term cilt
Carrier type code nc
Source rdacarrier
490 1# - DİZİ BİLDİRİMİ
Dizi Bildirimi Türkiye Yazma Eserler Kurumu Başkanlığı yayınları ;
Cilt Numarası 50 Dini ilimler serisi ;
-- 6
500 ## - GENEL NOT
Genel Not Kaynakça var.
500 ## - GENEL NOT
Genel Not Osmanlı Türkçesi (romanized) translation and commentary of Ghazzālī's Iḥyāʼ ʻulūm al-dīn. Orijinal Arapça metin içerijte vardır.
500 ## - GENEL NOT
Genel Not Giriş ve değerlendirme kısmı Türkçe yazılmıştır.
500 ## - GENEL NOT
Genel Not Vol. 1 : Mardini'nin çalışmalarının orijinallerinden tıpkı basım yapılmıştır. (İstanbul Üniversitesi Nadir Eserler Kütüphanesi Türkçe Yazmalar, no. 5851)
650 #0 - KONU BAŞLIĞI EK GİRİŞ - KONU TERİMİ
Konusal terim veya coğrafi ad Gazali, 1058-1111. Iḥyau ulūm'd-Dīn.
9 (RLIN) 103564
650 #0 - KONU BAŞLIĞI EK GİRİŞ - KONU TERİMİ
Konusal terim veya coğrafi ad Dinsel yaşam--İslam--1800'den önceki çalışmalar.
9 (RLIN) 103565
650 #0 - KONU BAŞLIĞI EK GİRİŞ - KONU TERİMİ
Konusal terim veya coğrafi ad İslam--Doktrinler--1800'den önceki çalışmalar.
9 (RLIN) 36551
650 #0 - KONU BAŞLIĞI EK GİRİŞ - KONU TERİMİ
Konusal terim veya coğrafi ad İslami etik--1800'den önceki çalışmalar.
9 (RLIN) 103566
650 #0 - KONU BAŞLIĞI EK GİRİŞ - KONU TERİMİ
Konusal terim veya coğrafi ad Sufizm--1800'den önceki çalışmalar.
9 (RLIN) 14216
650 #0 - KONU BAŞLIĞI EK GİRİŞ - KONU TERİMİ
Konusal terim veya coğrafi ad İslam felsefesi--1800'den önceki çalışmalar.
9 (RLIN) 75259
650 #0 - KONU BAŞLIĞI EK GİRİŞ - KONU TERİMİ
Konusal terim veya coğrafi ad Ghazzālī, 1058-1111. Iḥyau ulūm'd-Dīn.
9 (RLIN) 103567
650 #0 - KONU BAŞLIĞI EK GİRİŞ - KONU TERİMİ
Konusal terim veya coğrafi ad Religious life--Islam--Early works to 1800.
9 (RLIN) 43533
650 #0 - KONU BAŞLIĞI EK GİRİŞ - KONU TERİMİ
Konusal terim veya coğrafi ad Islam--Doctrines--Early works to 1800.
9 (RLIN) 36549
650 #0 - KONU BAŞLIĞI EK GİRİŞ - KONU TERİMİ
Konusal terim veya coğrafi ad Islamic ethics--Early works to 1800.
9 (RLIN) 35770
650 #0 - KONU BAŞLIĞI EK GİRİŞ - KONU TERİMİ
Konusal terim veya coğrafi ad Sufism--Early works to 1800.
9 (RLIN) 10678
650 #0 - KONU BAŞLIĞI EK GİRİŞ - KONU TERİMİ
Konusal terim veya coğrafi ad Islamic philosophy--Early works to 1800.
9 (RLIN) 75260
830 1# - SERİ EK GİRİŞİ - TEKBİÇİM ESER ADI
Tekbiçim Başlık Türkiye Yazma Eserler Kurumu Başkanlığı yayınları ;
Volume number/sequential designation 50 Dini ilimler serisi ;
-- 6
9 (RLIN) 84004
856 40 - ELEKTRONİK YER ve ERİŞİM
Kaynak Tanımlayıcı (URL) <a href="http://www.ekitap.yek.gov.tr/Home/Show2?BOOK_NO=50&CILT_NO=1">http://www.ekitap.yek.gov.tr/Home/Show2?BOOK_NO=50&CILT_NO=1</a>
942 ## - EK GİRİŞ ÖGELERİ (KOHA)
Source of classification or shelving scheme Library of Congress Classification
Koha item type Book
Holdings
Materyal Türü Kalıcı Konum Mevcut Konum Raf Yeri Sınıflandırma Kaynağı Edinim Bilgisi Ana Konular Alt Konular Yer Numarası Cilt Bilgisi Demirbaş Numarası Fatura Tarihi Geri Çekilme Durumu Kayıp Durumu Hasarlı Durumu Kredi için değil Kayıt Tarih Toplam Ödünçverme Son Görülme Tarihi Son Kontrol Tarihi Genel / Bağış Notu
Book Prof. Dr. Azmi Özcan Kütüphanesi Prof. Dr. Azmi Özcan Kütüphanesi Uluğbey Salonu Library of Congress Classification Bağış FELSEFE, PSİKOLOJİ, DİN Felsefe (Genel) B753.G33 I33 2015 c.1 0055849 02/02/2026         19/02/2016   05/12/2024 05/12/2024 Türkiye Yazma Eserler Kurumu Başkanlığı